Online
Catalog

The tropic of baseball : (Record no. 4033)

MARC details
000 -CABECERA
campo de control de longitud fija 00764cam a2200217 a 4500
001 - NÚMERO DE CONTROL
campo de control 000004219
005 - FECHA Y HORA DE LA ÚLTIMA TRANSACCIÓN
campo de control 20200929151420.0
008 - DATOS DE LONGITUD FIJA--INFORMACIÓN GENERAL
campo de control de longitud fija 900808s1993 nyua 001 0 eng
020 ## - NÚMERO INTERNACIONAL ESTÁNDAR DEL LIBRO
Número Internacional Estándar del Libro 088184876X
040 ## - FUENTE DE LA CATALOGACIÓN
Centro catalogador/agencia de origen DO-SdBNP
Lengua de catalogación spa
Centro/agencia transcriptor BNPHU
082 ## - NÚMERO DE LA CLASIFICACIÓN DECIMAL DEWEY
Número de clasificación 796.357097293
Número de documento/Ítem R911t
100 1# - ENTRADA PRINCIPAL--NOMBRE DE PERSONA
Nombre de persona Ruck, Rob,
Fechas asociadas al nombre 1950-
9 (RLIN) 12457
245 14 - MENCIÓN DE TÍTULO
Título The tropic of baseball :
Resto del título baseball in the Dominican Republic /
Mención de responsabilidad, etc. Rob Ruck.
260 ## - PUBLICACIÓN, DISTRIBUCIÓN, ETC.
Lugar de publicación, distribución, etc. New York :
Nombre del editor, distribuidor, etc. Corroll & Graf Publishers,
Fecha de publicación, distribución, etc. c1993.
300 ## - DESCRIPCIÓN FÍSICA
Extensión xx, 205 p. :
Otras características físicas il., retrs. ;
Dimensiones 24 cm.
490 1# - MENCIÓN DE SERIE
Mención de serie Baseball and American society ;
Designación de volumen o secuencia 13
500 ## - NOTA GENERAL
Nota general Incluye índices
650 #0 - PUNTO DE ACCESO ADICIONAL DE MATERIA--TÉRMINO DE MATERIA
Término de materia o nombre geográfico como elemento de entrada Béisbol
Subdivisión geográfica República Dominicana
Subdivisión general Historia.
9 (RLIN) 1158
830 #0 - PUNTO DE ACCESO ADICIONAL DE SERIE-TÍTULO UNIFORME
Título uniforme Baseball and American society ;
Número de parte o sección de la obra 13
9 (RLIN) 12458
910 ## - DATOS DE OPCIÓN DEL USUARIO (OCLC)
Datos de opción del usuario Validado. Control de calidad BNPHU
Holdings
Estado de retiro Estado de pérdida Restricciones de uso No para préstamo Código de colección Localización permanente Ubicación/localización actual Ubicación en estantería Fecha de adquisición Número de inventario Total de préstamos Signatura topográfica completa Código de barras Fecha visto por última vez Precio válido a partir de Tipo de ítem Koha
      Excluido de préstamo Monografías: Libros y Folletos General General Depósito 20.07.2009 LF1   796.357097293 R911t 4219-10 25.06.2020 25.06.2020 No se presta

Powered by Koha